Buffalo Bill's ranch riders : or, The cast of the magic lariat /

Bibliographic Details
Main Author: Ingraham, Prentiss, 1843-1904
Format: Book
Language:English
Published: New York : Street & Smith, [1908]
Series:Great western library ; no. 10.

MARC

Tag First Indicator Second Indicator Subfields
LEADER 00000cam a2200000 i 4500
001 in00000685621
005 20191105114718.0
008 790126s1908 nyu 00011 eng d
035 |a (OCoLC)04589608 
035 |9 ADA1308AM 
040 |a RRR  |c RRR  |d TXA  |d UtOrBLW 
049 |a TXAS  |c [1093148] 
090 |a PZ3.I55  |b Bur 
100 1 |a Ingraham, Prentiss,  |d 1843-1904. 
245 1 0 |a Buffalo Bill's ranch riders :  |b or, The cast of the magic lariat /  |c by Col. Prentiss Ingraham. 
264 1 |a New York :  |b Street & Smith,  |c [1908] 
264 4 |c ©1908 
300 |a 319 pages 
336 |a text  |b txt  |2 rdacontent 
337 |a unmediated  |b n  |2 rdamedia 
338 |a volume  |b nc  |2 rdacarrier 
490 1 |a Great western library, no. 10 
500 |a The Cushing Library/Dykes Collection copies have different advertisements indicating probable printings. 
830 0 |a Great western library ;  |v no. 10. 
999 |a MARS 
999 f f |s a32fba59-cdf2-325d-a99a-b5235aea62e2  |i 2ece924a-ee00-356e-9979-7b702bd74d97  |t 0 
952 f f |p noncirc  |a Texas A&M University  |b College Station  |c Cushing Memorial Library & Archives  |d Cushing: Dykes (Does not check out)  |t 0  |e PZ3.I55 Bur  |h Library of Congress classification  |i unmediated -- volume  |m A14851900259 
952 f f |p noncirc  |a Texas A&M University  |b College Station  |c Cushing Memorial Library & Archives  |d Cushing: Dykes (Does not check out)  |t 0  |e PZ3.I55 Bur  |h Library of Congress classification  |i unmediated -- volume  |m A14851900242 
998 f f |a PZ3.I55 Bur  |t 0  |l Cushing: Dykes (Does not check out) 
998 f f |a PZ3.I55 Bur  |t 0  |l Cushing: Dykes (Does not check out)